Carlos e Irene / (Record no. 117751)

MARC details
000 -LEADER
campo de control de longitud fija 00648nam a2200193 i 4500
001 - NÚMERO DE CONTROL
campo de control 117751
003 - IDENTIFICADOR DE NÚMERO DE CONTROL
campo de control ES-MaACL
005 - FECHA Y HORA DE LA ÚLTIMA TRANSACCIÓN
campo de control 20250809103323.0
007 - CAMPO FIJO DE DESCRIPCIÓN FÍSICA--INFORMACIÓN GENERAL
campo de control de longitud fija t|
008 - DATOS DE LONGITUD FIJA--INFORMACIÓN GENERAL
campo de control de longitud fija 070214s1964 sp af |||| |cspa d
100 1# - ENTRADA PRINCIPAL--NOMBRE DE PERSONA
Nombre de persona Pereda de la Reguera, Manuel.
9 (RLIN) 90454
245 10 - MENCIÓN DEL TÍTULO
Título Carlos e Irene /
Mención de responsabilidad, etc. Manuel Pereda de la Reguera.
260 ## - PUBLICACIÓN, DISTRIBUCIÓN, ETC.
Lugar de publicación, distribución, etc. Santander :
Nombre del editor, distribuidor, etc. Instituto de la Información,
Fecha de publicación, distribución, etc. 1964 (
Fabricante Gráf. Aldus)
300 ## - DESCRIPCIÓN FÍSICA
Extensión 208 p., 20 lám. :
Otras características físicas il. ;
Dimensiones 20 cm.
600 17 - PUNTO DE ACCESO ADICIONAL DE MATERIA--NOMBRE DE PERSONA
Nombre de persona Borbón Parma, Carlos Hugo de,
Fechas asociadas al nombre 1930-2010
Fuente del encabezamiento o término embne
9 (RLIN) 30360
600 14 - PUNTO DE ACCESO ADICIONAL DE MATERIA--NOMBRE DE PERSONA
Nombre de persona Lippe-Biesterfeld Orange-Nassau, Irene.
9 (RLIN) 169917
852 ## - LOCALIZACIÓN
Ubicación ES-MaACL
Número de control de estantería C-26306
Holdings
Estatus retirado Estado de pérdida Estado de daño No para préstamo Biblioteca de origen Biblioteca actual Ubicación en estantería Fecha de adquisición Fuente de adquisición Total de préstamos Signatura topográfica completa Código de barras Visto por última vez Precio de reemplazo Tipo de ítem Koha
        Biblioteca del Ateneo de Madrid Biblioteca del Ateneo de Madrid Depósito 2 17/01/2008     C-26306 1122760 23/02/2023 23/02/2023 Libro impreso